Normal view
MARC view
- Steven Gould Axelrod & Helen Deese
Entry Personal Name
001 - CONTROL NUMBER
- control field: 4852
003 - CONTROL NUMBER IDENTIFIER
- control field: OSt
005 - DATE AND TIME OF LATEST TRANSACTION
- control field: 20221108054734.0
008 - FIXED-LENGTH DATA ELEMENTS
- fixed length control field: 221108|| aca||aabn | a|a d
040 ## - CATALOGING SOURCE
- Original cataloging agency: OSt
- Transcribing agency: OSt
100 ## - HEADING--PERSONAL NAME
- Personal name: Steven Gould Axelrod & Helen Deese
670 ## - SOURCE DATA FOUND
- Source citation: Work cat.: (OSt)4717: Axelrod, Steven Gould 4851, Critical Essays on William Carlos Williams : , c1995
